000
00308nam a22001337a 4500
005
20231109142035.0
008
231109b ||||| |||| 00| 0 eng d
040
_c
AL
041
_a
English
082
_2
23
_a
301.24
_b
TOFF
100
_a
TOFFLER (Alvin)
_9
141360
245
_a
Future shock
942
_2
ddc
_c
SG
999
_c
229167
_d
229167